书目信息 |
| 题名: |
简明知识词典
|
|
| 作者: | 武汉师范学院 主编 | |
| 分册: | ||
| 出版信息: | 武汉 湖北人民出版社 1983.3 |
|
| 页数: | 1143页 | |
| 开本: | 21cm | |
| 丛书名: | ||
| 单 册: | ||
| 中图分类: | Z3 | |
| 科图分类: | ||
| 主题词: | 词典 | |
| 电子资源: | ||
| ISBN: | ||
| 000 | 00519nam0 2200181 45 | |
| 001 | 0181015149 | |
| 005 | 20070801110010.06 | |
| 010 | @b精装@dCNY4.44 | |
| 100 | @a20810111d km y0chiy0120 ea | |
| 101 | 0 | @achi |
| 200 | 1 | @a简明知识词典@AJian Ming Zhi Shi Ci Dian@f武汉师范学院主编@FWu Han Shi Fan Xue Yuan Zhu Bian |
| 210 | @a武汉@c湖北人民出版社@d1983.3 | |
| 215 | @a1143页@c无图表@d21cm | |
| 606 | 0 | @a词典 |
| 690 | @aZ3@v3 | |
| 701 | 0 | @a武汉师范学院@4主编 |
| 801 | @aCN@bTSTC@c20070801 | |
| 905 | @dZ3@e14@b135887@f1 | |
| 简明知识词典/武汉师范学院主编.-武汉:湖北人民出版社,1983.3 |
| 1143页:无图表;21cm |
| ISBN (精装):CNY4.44 |
| ● |
| 相关链接 |
|
|
|
|
正题名:简明知识词典
索取号:Z3/14
 
预约/预借
| 序号 | 登录号 | 条形码 | 馆藏地/架位号 | 状态 | 备注 |
| 1 | 0135887 | 002026587 | 密集书库/ [索取号:Z3/14] | 在馆 | |
| 2 | 0135888 | 001552901 | 工具书阅览室/ [索取号:Z3/14] | 在馆 | |
| 3 | 0135889 | 001552965 | 密集书库/ [索取号:Z3/14] | 在馆 | |
| 4 | 0135890 | 001552894 | 密集书库/ [索取号:Z3/14] | 在馆 | |
| 5 | 0135891 | 202128214 | 第二样本阅览室/ [索取号:Z3/14] | 在馆 | |
| 6 | 0790510 | 207905105 | 密集书库/ [索取号:Z3/14] | 在馆 |